[Event "5. Bayer Open"]
[Site "Leverkusen"]
[Date "2008.03.31"]
[Round "6"]
[White "Hirth, Ulrich"]
[Black "Romaker, Johann"]
[Result "1-0"]
[WhiteElo "2208"]
[BlackElo "1849"]
[PlyCount "109"]
[EventDate "2008.01.14"]
[EventType "swiss"]
[EventRounds "7"]
[EventCountry "GER"]
[Source "Birnkott,Manfre"]
[SourceDate "2008.04.23"]

1. Nf3 Nf6 2. d4 e6 3. c4 Bb4+ 4. Bd2 Bxd2+ 5. Qxd2 b6 6. Nc3 Bb7 7. e3 Ne4 8.
Nxe4 Bxe4 9. Bd3 Bxd3 10. Qxd3 Qe7 11. O-O O-O 12. e4 d6 13. b4 Nd7 14. Nd2 c5
15. bxc5 bxc5 16. d5 e5 17. Rab1 Rfb8 18. Qa3 Nb6 19. Qa6 Qb7 20. Qxb7 Rxb7 21.
Rb5 Rbb8 22. Rfb1 Nd7 23. Kf1 Rb6 24. Ke2 Rab8 25. Kd3 Kf8 26. Rxb6 axb6 27.
Kc3 Ke7 28. Rb5 Kd8 29. a4 Ra8 30. Kb3 Kc7 31. Ka3 g6 32. Rb3 f6 33. Rh3 Rh8
34. Rh6 Kd8 35. Nb1 Nf8 36. Nc3 Rg8 37. Nb5 Kd7 38. a5 bxa5 39. Ka4 Rg7 40.
Kxa5 Re7 41. Kb6 Re8 42. Kb7 Rd8 43. Nc7 Ke7 44. Ne6 Nxe6 45. Rxh7+ Ng7 46.
Rxg7+ Kf8 47. Rxg6 Kf7 48. Rg3 Rh8 49. Rh3 Rg8 50. Rh7+ Ke8 51. g3 Rf8 52. g4
Rg8 53. h3 Kd8 54. Kc6 Rg6 55. f3 1-0

[Event "5. Bayer Open"]
[Site "Leverkusen"]
[Date "2008.03.31"]
[Round "6"]
[White "Blomeyer, Peter"]
[Black "Wulfken, Christof"]
[Result "1/2-1/2"]
[WhiteElo "1855"]
[BlackElo "1946"]
[PlyCount "57"]
[EventDate "2008.01.14"]
[EventType "swiss"]
[EventRounds "7"]
[EventCountry "GER"]
[Source "Birnkott,Manfre"]
[SourceDate "2008.04.23"]

1. c4 e6 2. Nf3 Nf6 3. g3 d5 4. b3 Be7 5. Bg2 O-O 6. O-O b6 7. d3 Bb7 8. Bb2 c5
9. e3 Nc6 10. Qe2 Qc7 11. Nbd2 Rad8 12. a3 Rd7 13. Rac1 dxc4 14. Nxc4 Ba6 15.
Rfd1 Bxc4 16. Rxc4 Na5 17. Rc3 Nd5 18. Rc2 Nxb3 19. d4 Na5 20. Ne5 Rdd8 21.
dxc5 Bxc5 22. Nd3 Nb7 23. Qg4 f5 24. Qf3 Qe7 25. e4 fxe4 26. Qxe4 Rde8 27. Qc4
Qg5 28. Re1 Na5 29. Qa2 1/2-1/2

[Event "5. Bayer Open"]
[Site "Leverkusen"]
[Date "2008.03.31"]
[Round "6"]
[White "van Kempen, Heinz"]
[Black "Scharff, Klaus"]
[Result "1-0"]
[WhiteElo "1722"]
[BlackElo "1928"]
[PlyCount "71"]
[EventDate "2008.01.14"]
[EventType "swiss"]
[EventRounds "7"]
[EventCountry "GER"]
[Source "Birnkott,Manfre"]
[SourceDate "2008.04.23"]

1. e4 e6 2. d4 d5 3. Nd2 Nf6 4. e5 Nfd7 5. Bd3 c5 6. c3 Nc6 7. Ne2 b6 8. O-O
cxd4 9. cxd4 Nb4 10. Bb1 Ba6 11. Nf3 Be7 12. a3 Nc6 13. Re1 g5 14. Be3 g4 15.
Nd2 Bg5 16. Nc3 h5 17. Qa4 Ncb8 18. Ba2 h4 19. Nxd5 b5 20. Qc2 exd5 21. e6 Bxe3
22. exd7+ Qxd7 23. Rxe3+ Kf8 24. Qc5+ Kg7 25. Re7 Rc8 26. Rxd7 Rxc5 27. Rxf7+
Kxf7 28. dxc5 Bb7 29. Rc1 Bc6 30. Nb3 Kf6 31. Na5 Ke5 32. Re1+ Kd4 33. Nb3+ Kc4
34. Rc1+ Kd3 35. Bb1+ Ke2 36. Rc3 1-0

[Event "5. Bayer Open"]
[Site "Leverkusen"]
[Date "2008.03.31"]
[Round "6"]
[White "Hobusch, Alexander"]
[Black "Wieland, Ingo"]
[Result "0-1"]
[WhiteElo "2041"]
[BlackElo "1664"]
[PlyCount "98"]
[EventDate "2008.01.14"]
[EventType "swiss"]
[EventRounds "7"]
[EventCountry "GER"]
[Source "Birnkott,Manfre"]
[SourceDate "2008.04.23"]

1. d4 d5 2. Nf3 Nf6 3. c4 c6 4. e3 Bg4 5. cxd5 Bxf3 6. gxf3 cxd5 7. Nc3 e6 8.
Bd3 Nc6 9. f4 Bb4 10. O-O O-O 11. Bd2 Rc8 12. f3 a6 13. a3 Bd6 14. b4 b5 15.
Kh1 Re8 16. Rg1 Qb6 17. Be1 g6 18. Ra2 Bf8 19. Qb1 Bg7 20. h4 Ne7 21. h5 Nxh5
22. Rh2 Nf6 23. Ne2 Nf5 24. Bf2 Rc6 25. e4 Ne7 26. Ng3 dxe4 27. d5 Qd8 28. fxe4
exd5 29. e5 Ng4 30. Rhg2 Nxf2+ 31. Rxf2 Qb6 32. Qe1 Qd4 33. Bb1 Rec8 34. Ne2
Qe3 35. Qf1 Nf5 36. Rf3 Qb6 37. Bxf5 gxf5 38. Rh3 Rg6 39. Ng3 Qe3 40. Ne2 Rxg1+
41. Nxg1 Rc1 42. Rxe3 Rxf1 43. Rd3 Rxf4 44. Rxd5 Re4 45. Nf3 h6 46. Rd8+ Kh7
47. Ra8 Re3 48. Nd4 Bxe5 49. Nxf5 Rxa3 0-1

[Event "5. Bayer Open"]
[Site "Leverkusen"]
[Date "2008.03.31"]
[Round "6"]
[White "Gnass, Arno"]
[Black "Depping, Thomas"]
[Result "1-0"]
[WhiteElo "1639"]
[BlackElo "1601"]
[PlyCount "71"]
[EventDate "2008.01.14"]
[EventType "swiss"]
[EventRounds "7"]
[EventCountry "GER"]
[Source "Birnkott,Manfre"]
[SourceDate "2008.04.23"]

1. d4 Nf6 2. c4 g6 3. Nc3 Bg7 4. e4 d6 5. Nf3 O-O 6. Be2 e5 7. dxe5 dxe5 8.
Qxd8 Rxd8 9. O-O Nc6 10. Bg5 h6 11. Bxf6 Bxf6 12. Nd5 Bg7 13. Nxc7 Rb8 14. Nd5
Bg4 15. Rad1 Bxf3 16. gxf3 Nd4 17. Rfe1 Kf8 18. Kg2 Nc2 19. Rg1 Nd4 20. Bd3 g5
21. Ne3 Ne6 22. Nd5 Nd4 23. b3 f6 24. Rd2 Kf7 25. Rgd1 Bf8 26. b4 b6 27. Rb2
Rdc8 28. Rdb1 Kg6 29. a4 Nc6 30. h4 Bd6 31. h5+ Kf7 32. c5 bxc5 33. bxc5 Bxc5
34. Rb7+ Rxb7 35. Rxb7+ Kg8 36. Nxf6+ 1-0

[Event "5. Bayer Open"]
[Site "Leverkusen"]
[Date "2008.03.31"]
[Round "6"]
[White "Bosbach, Jens"]
[Black "Becker, Rainer"]
[Result "1-0"]
[WhiteElo "1825"]
[BlackElo "1979"]
[PlyCount "99"]
[EventDate "2008.01.14"]
[EventType "swiss"]
[EventRounds "7"]
[EventCountry "GER"]
[Source "Birnkott,Manfre"]
[SourceDate "2008.04.23"]

1. d4 d5 2. Nf3 Nc6 3. Bf4 Bf5 4. c3 e6 5. e3 Bd6 6. Bxd6 Qxd6 7. Bb5 Nge7 8.
Ne5 O-O 9. Nxc6 bxc6 10. Bd3 Rab8 11. b4 e5 12. Bxf5 Nxf5 13. O-O Qg6 14. h3 h5
15. Kh1 Nh4 16. Rg1 Qf5 17. Rf1 Qg6 18. Rg1 Qf5 19. Rf1 e4 20. Nd2 Qg5 21. Rg1
f5 22. g3 Ng6 23. Rg2 Kf7 24. Qa4 Rb6 25. Qxa7 Qd8 26. Qa4 Qd7 27. h4 Ne7 28.
Qd1 g6 29. Nb3 Ng8 30. a4 Nf6 31. a5 Rbb8 32. Nc5 Qd6 33. a6 Ng4 34. Kg1 Rh8
35. a7 Ra8 36. Ra6 g5 37. Qa4 f4 38. gxf4 gxf4 39. exf4 Qxf4 40. Qd1 e3 41. Ra2
Nf6 42. Nd3 Qe4 43. Ne5+ Ke6 44. f3 Qf5 45. Ra6 Rhg8 46. Rxc6+ Ke7 47. Rxc7+
Kd6 48. Rcg7 Rxg7 49. Rxg7 Ne4 50. Qa4 1-0

[Event "5. Bayer Open"]
[Site "Leverkusen"]
[Date "2008.03.31"]
[Round "6"]
[White "Wolfradt, Dirk"]
[Black "Kies, Werner"]
[Result "1-0"]
[WhiteElo "2063"]
[BlackElo "1968"]
[PlyCount "51"]
[EventDate "2008.01.14"]
[EventType "swiss"]
[EventRounds "7"]
[EventCountry "GER"]
[Source "Birnkott,Manfre"]
[SourceDate "2008.04.23"]

1. d4 g6 2. e4 Bg7 3. f4 d6 4. Nf3 Nf6 5. Nc3 b6 6. Bc4 e6 7. e5 Nfd7 8. d5 Nc5
9. b4 Nb7 10. O-O O-O 11. Bb2 a5 12. a3 axb4 13. axb4 Rxa1 14. Qxa1 exd5 15.
Nxd5 Nd7 16. exd6 Bxb2 17. Ne7+ Kg7 18. Qxb2+ f6 19. Nd4 Ndc5 20. bxc5 Nxc5 21.
Nxc8 Qxc8 22. Re1 cxd6 23. Re7+ Kh6 24. Qc1 Qg4 25. Be2 Qh4 26. Nf3 1-0

[Event "5. Bayer Open"]
[Site "Leverkusen"]
[Date "2008.03.31"]
[Round "6"]
[White "Böhm, Stefan"]
[Black "Burgmer, Hubertus"]
[Result "1-0"]
[WhiteElo "2010"]
[BlackElo "1663"]
[PlyCount "55"]
[EventDate "2008.01.14"]
[EventType "swiss"]
[EventRounds "7"]
[EventCountry "GER"]
[Source "Birnkott,Manfre"]
[SourceDate "2008.04.23"]

1. d4 Nf6 2. c4 c5 3. d5 e6 4. Nc3 exd5 5. cxd5 d6 6. e4 g6 7. f4 Bg7 8. Bb5+
Bd7 9. e5 Bxb5 10. exf6 Bxf6 11. Nxb5 O-O 12. Ne2 a6 13. Nbc3 b5 14. O-O Nd7
15. Ne4 Be7 16. f5 Nf6 17. N2g3 Ra7 18. fxg6 hxg6 19. Kh1 Nxe4 20. Nxe4 f5 21.
Ng3 Bf6 22. Rb1 Rh7 23. Qf3 Rff7 24. b3 Rh4 25. Bb2 Rfh7 26. h3 Bg5 27. Rbe1
Bf4 28. Re6 1-0

[Event "5. Bayer Open"]
[Site "Leverkusen"]
[Date "2008.03.31"]
[Round "6"]
[White "Brinkmann, Sven"]
[Black "Schimpf, Rolf"]
[Result "1-0"]
[WhiteElo "1814"]
[BlackElo "1811"]
[PlyCount "53"]
[EventDate "2008.01.14"]
[EventType "swiss"]
[EventRounds "7"]
[EventCountry "GER"]
[Source "Birnkott,Manfre"]
[SourceDate "2008.04.23"]

1. e4 d5 2. exd5 Qxd5 3. Nc3 Qa5 4. d4 c6 5. Bd3 Nf6 6. Bd2 Qb6 7. Nge2 Bg4 8.
f3 Bh5 9. Na4 Qd8 10. Nc5 Qc8 11. c3 Nbd7 12. Ne4 e6 13. Bf4 Nxe4 14. fxe4 Nf6
15. h3 Bxe2 16. Qxe2 Be7 17. g4 Nd7 18. h4 Qd8 19. g5 Qa5 20. O-O e5 21. Be3
O-O 22. Bc4 Rae8 23. Qg4 exd4 24. Qxd7 dxe3 25. Bxf7+ Rxf7 26. Qxe8+ Rf8 27.
Qxe7 1-0

[Event "5. Bayer Open"]
[Site "Leverkusen"]
[Date "2008.03.31"]
[Round "6"]
[White "Birnkott, Manfred"]
[Black "Friedsam, Manfred"]
[Result "1/2-1/2"]
[WhiteElo "1944"]
[BlackElo "1804"]
[PlyCount "47"]
[EventDate "2008.01.14"]
[EventType "swiss"]
[EventRounds "7"]
[EventCountry "GER"]
[Source "Birnkott,Manfre"]
[SourceDate "2008.04.23"]

1. e4 c5 2. Nf3 d6 3. d4 cxd4 4. Nxd4 Nf6 5. Nc3 a6 6. Be2 e5 7. Nb3 Be6 8. O-O
Nbd7 9. f4 Qb6+ 10. Kh1 Rc8 11. f5 Bxb3 12. axb3 Be7 13. Bf3 O-O 14. g4 h6 15.
Rg1 Nh7 16. Nd5 Qd8 17. Nxe7+ Qxe7 18. Be3 Rfd8 19. Qd2 Ng5 20. Bxg5 Qxg5 21.
Qxg5 hxg5 22. Rg2 Rc6 23. Rd2 Kf8 24. Rad1 1/2-1/2

[Event "5. Bayer Open"]
[Site "Leverkusen"]
[Date "2008.03.31"]
[Round "6"]
[White "Mummel, Christian"]
[Black "Bigott, Martin"]
[Result "1-0"]
[WhiteElo "1756"]
[BlackElo "1691"]
[PlyCount "40"]
[EventDate "2008.01.14"]
[EventType "swiss"]
[EventRounds "7"]
[EventCountry "GER"]
[Source "Birnkott,Manfre"]
[SourceDate "2008.04.23"]

1. c4 Nf6 2. Nc3 e6 3. g3 d5 4. Bg2 c6 5. d4 dxc4 6. Nf3 Nd5 7. e4 Nxc3 8. bxc3
b5 9. O-O Nd7 10. a4 a6 11. d5 cxd5 12. exd5 Bb7 13. dxe6 fxe6 14. Qe2 Nc5 15.
Rd1 Qf6 16. axb5 axb5 17. Rxa8+ Bxa8 18. Bg5 Qxc3 19. Rd8+ Kf7 20. Ne5+ Kg8 1-0

[Event "5. Bayer Open"]
[Site "Leverkusen"]
[Date "2008.03.31"]
[Round "6"]
[White "Fröhling, Ewald"]
[Black "Herrmann, Christoph"]
[Result "0-1"]
[WhiteElo "1559"]
[BlackElo "1842"]
[PlyCount "118"]
[EventDate "2008.01.14"]
[EventType "swiss"]
[EventRounds "7"]
[EventCountry "GER"]
[Source "Birnkott,Manfre"]
[SourceDate "2008.04.23"]

1. e4 c5 2. Nf3 d6 3. d4 cxd4 4. Nxd4 Nf6 5. Nc3 a6 6. Bc4 e6 7. Bb3 Be7 8. Bg5
O-O 9. O-O Qc7 10. Qd3 Nc6 11. a3 Ne5 12. Qe2 b5 13. h3 Nc4 14. Nd1 Bd7 15. c3
Rac8 16. Ne3 Nxe3 17. Qxe3 Rfe8 18. Rfe1 h6 19. Bh4 Ng4 20. Qg3 Bxh4 21. Qxh4
Ne5 22. Qg3 Nc4 23. Re2 e5 24. Nf3 Be6 25. Ba2 a5 26. Ne1 a4 27. Nd3 f6 28. Nb4
Qf7 29. Bxc4 Bxc4 30. Rd2 Red8 31. Qg4 Be6 32. Qf3 f5 33. exf5 Bxf5 34. Qd5 Rc5
35. Qxf7+ Kxf7 36. Rad1 Ke6 37. Nd5 Bc2 38. Rxc2 Rxd5 39. Rcd2 Rxd2 40. Rxd2 g5
41. f3 Rc8 42. Kf2 Rc5 43. Ke3 Rd5 44. Re2 Rd1 45. Ke4 d5+ 46. Ke3 Kf5 47. Kf2
Rd3 48. g3 h5 49. Re3 Rd2+ 50. Re2 Rxe2+ 51. Kxe2 h4 52. gxh4 gxh4 53. Ke3 Kg5
54. f4+ exf4+ 55. Kf2 Kf5 56. Kf3 Ke5 57. Kf2 Ke4 58. Ke2 f3+ 59. Kf2 Kf4 0-1

[Event "5. Bayer Open"]
[Site "Leverkusen"]
[Date "2008.03.31"]
[Round "6"]
[White "Schmitz, Andreas"]
[Black "Ziabari, Morteza"]
[Result "1/2-1/2"]
[WhiteElo "1845"]
[BlackElo "1807"]
[PlyCount "91"]
[EventDate "2008.01.14"]
[EventType "swiss"]
[EventRounds "7"]
[EventCountry "GER"]
[Source "Birnkott,Manfre"]
[SourceDate "2008.04.23"]

1. Nf3 d5 2. g3 Nc6 3. d4 Bf5 4. c3 Nf6 5. Bg2 Qd7 6. O-O Bh3 7. Nbd2 Bxg2 8.
Kxg2 h5 9. h3 h4 10. Rh1 hxg3 11. fxg3 O-O-O 12. Qe1 Ne4 13. Nxe4 dxe4 14. Ng1
e5 15. e3 exd4 16. exd4 Re8 17. Be3 Bd6 18. Ne2 Ne7 19. Qf2 Nf5 20. Raf1 g6 21.
b3 Rh7 22. c4 Reh8 23. c5 Bxg3 24. Nxg3 Nh4+ 25. Kg1 Nf3+ 26. Kg2 Rxh3 27. Nxe4
Rh2+ 28. Rxh2 Rxh2+ 29. Kxf3 Qf5+ 30. Bf4 Rxf2+ 31. Rxf2 f6 32. Ke3 Qe6 33. Kd3
Qa6+ 34. Kc3 Qa5+ 35. Kd3 Qa6+ 36. Kc3 f5 37. Ng5 Qa5+ 38. Kb2 Qe1 39. Rh2 b6
40. c6 Kd8 41. Be5 Ke7 42. Kc2 Qa1 43. Rh7+ Ke8 44. Bf6 Qxa2+ 45. Kc3 Qa5+ 46.
Kc2 1/2-1/2

[Event "5. Bayer Open"]
[Site "Leverkusen"]
[Date "2008.03.31"]
[Round "6"]
[White "Huppertz, Andrea"]
[Black "Heller, Helmut"]
[Result "1-0"]
[WhiteElo "1719"]
[BlackElo "1486"]
[PlyCount "79"]
[EventDate "2008.01.14"]
[EventType "swiss"]
[EventRounds "7"]
[EventCountry "GER"]
[Source "Birnkott,Manfre"]
[SourceDate "2008.04.23"]

1. d4 Nf6 2. Bf4 d5 3. e3 e6 4. Nf3 Nbd7 5. h3 c5 6. c3 Qb6 7. Qb3 Qxb3 8. axb3
cxd4 9. exd4 a6 10. Bd3 Be7 11. O-O O-O 12. b4 Nb6 13. b5 Nc4 14. Bxc4 dxc4 15.
Nbd2 Bd7 16. bxa6 bxa6 17. Nxc4 Bb5 18. Nfd2 Nd5 19. Bh2 Rfc8 20. b3 Nxc3 21.
Rfe1 Nd5 $11 22. Bd6 Bd8 23. Bc5 h6 24. Ne4 Be7 25. Ra3 Rcb8 26. Rea1 Nb6 27.
Bd6 Nxc4 28. bxc4 Bxd6 29. Nxd6 Bd7 30. Rxa6 Rxa6 31. Rxa6 Rb1+ 32. Kh2 Rb8 33.
Ra7 Be8 34. c5 Kf8 35. Kg3 f6 36. Nxe8 Rxe8 37. Kf3 Rd8 38. Ke4 f5+ 39. Ke5 Re8
40. c6 1-0

[Event "5. Bayer Open"]
[Site "Leverkusen"]
[Date "2008.03.31"]
[Round "6"]
[White "Gülden, Ralf"]
[Black "Pützkaul, Karl"]
[Result "0-1"]
[WhiteElo "1699"]
[BlackElo "1853"]
[PlyCount "80"]
[EventDate "2008.01.14"]
[EventType "swiss"]
[EventRounds "7"]
[EventCountry "GER"]
[Source "Birnkott,Manfre"]
[SourceDate "2008.04.23"]

1. d4 d5 2. c4 e6 3. Nf3 Nf6 4. Nc3 Be7 5. Bg5 O-O 6. e3 h6 7. Bh4 b6 8. Bd3
Bb7 9. cxd5 Nxd5 10. Bxe7 Qxe7 11. Nxd5 exd5 12. O-O Nd7 13. Rc1 c5 14. dxc5
bxc5 15. Bf5 Ne5 16. Nxe5 Qxe5 17. Qc2 c4 18. Rfe1 g6 19. Bg4 a5 20. Bf3 a4 21.
Qc3 Qxc3 22. bxc3 Bc6 23. e4 Rfd8 24. exd5 Bxd5 25. Bxd5 Rxd5 26. Re4 Rd2 27.
Rxc4 Rxa2 28. Rb4 Rd8 29. Rbb1 Rdd2 30. Rf1 Rdc2 31. Rbc1 a3 32. c4 Rab2 33. c5
a2 34. Rxc2 Rxc2 35. g3 Rxc5 36. Rd1 Ra5 37. Ra1 Kg7 38. Kg2 Ra3 39. g4 Kf6 40.
h4 Ke5 0-1

[Event "5. Bayer Open"]
[Site "Leverkusen"]
[Date "2008.03.31"]
[Round "6"]
[White "Gutt, Oswald"]
[Black "Zühlke, Ernst-Wilhelm"]
[Result "1-0"]
[WhiteElo "1874"]
[BlackElo "1655"]
[PlyCount "79"]
[EventDate "2008.01.14"]
[EventType "swiss"]
[EventRounds "7"]
[EventCountry "GER"]
[Source "Birnkott,Manfre"]
[SourceDate "2008.04.23"]

1. d4 c6 2. c4 e6 3. Nc3 Na6 4. Nf3 Nc7 5. g3 Be7 6. Bg2 Bf6 7. e4 d6 8. O-O h6
9. Be3 Be7 10. e5 d5 11. c5 h5 12. b4 Nh6 13. Bxh6 Rxh6 14. a4 Bd7 15. Rb1 a6
16. Nd2 f5 17. exf6 Bxf6 18. Nb3 Qe7 19. Na5 O-O-O 20. Re1 Qf7 21. Bf1 g5 22.
b5 cxb5 23. axb5 axb5 24. Nxb5 Nxb5 25. Bxb5 Bxb5 26. Rxb5 Rd7 27. c6 bxc6 28.
Nxc6 Rc7 29. Rb8+ Kd7 30. Ne5+ Bxe5 31. Rxe5 g4 32. Qa4+ Kd6 33. Qb4+ Kd7 34.
Rf8 Qe7 35. Qb5+ Rc6 36. Ra8 Qd6 37. Ra7+ Kd8 38. Rg5 Rc1+ 39. Kg2 Rc7 40. Qb8+
1-0

[Event "5. Bayer Open"]
[Site "Leverkusen"]
[Date "2008.03.31"]
[Round "6"]
[White "Schüppen, Heinrich"]
[Black "Lessing, Sebastian"]
[Result "1/2-1/2"]
[WhiteElo "1696"]
[BlackElo "1614"]
[PlyCount "58"]
[EventDate "2008.01.14"]
[EventType "swiss"]
[EventRounds "7"]
[EventCountry "GER"]
[Source "Birnkott,Manfre"]
[SourceDate "2008.04.23"]

1. d4 d5 2. Nf3 Nf6 3. Bg5 Bg4 4. Nbd2 e6 5. e3 c5 6. c3 Nbd7 7. Bb5 Be7 8.
dxc5 O-O 9. Bxd7 Nxd7 10. Bxe7 Qxe7 11. b4 Qf6 12. Qc1 Rac8 13. Qa3 a5 14. Rc1
axb4 15. cxb4 Ra8 16. Qb3 Ra7 17. O-O e5 18. Qxd5 Be6 19. Qe4 Rxa2 20. c6 bxc6
21. Rxc6 Qf5 22. Qxf5 Bxf5 23. e4 Bg4 24. h3 Bxf3 25. Nxf3 Rb2 26. Rd6 Nf6 27.
Nxe5 Nxe4 28. Rd4 Nc3 29. Rc4 Nd5 1/2-1/2

[Event "5. Bayer Open"]
[Site "Leverkusen"]
[Date "2008.03.31"]
[Round "6"]
[White "Witte, Thomas"]
[Black "Granz, Thomas"]
[Result "1/2-1/2"]
[WhiteElo "1645"]
[BlackElo "1641"]
[PlyCount "40"]
[EventDate "2008.01.14"]
[EventType "swiss"]
[EventRounds "7"]
[EventCountry "GER"]
[Source "Birnkott,Manfre"]
[SourceDate "2008.04.23"]

1. e4 e5 2. f4 Bc5 3. Nf3 d6 4. Nc3 Bg4 5. h3 Bxf3 6. Qxf3 Nc6 7. Bb5 Nge7 8.
Nd5 O-O 9. Nxe7+ Nxe7 10. d3 c6 11. Bc4 a5 12. a4 Kh8 13. f5 d5 14. Bb3 dxe4
15. dxe4 Ng8 16. Be3 Bxe3 17. Qxe3 Nf6 18. Ke2 Qd4 19. Qxd4 exd4 20. Kf3 Rad8
1/2-1/2

[Event "5. Bayer Open"]
[Site "Leverkusen"]
[Date "2008.03.31"]
[Round "6"]
[White "Karwatzki, Hans-Jürgen"]
[Black "Runte, Dirk"]
[Result "1-0"]
[WhiteElo "1601"]
[BlackElo "1613"]
[PlyCount "111"]
[EventDate "2008.01.14"]
[EventType "swiss"]
[EventRounds "7"]
[EventCountry "GER"]
[Source "Birnkott,Manfre"]
[SourceDate "2008.04.23"]

1. e4 d6 2. d4 Nf6 3. f3 g6 4. c3 Bg7 5. Bc4 O-O 6. Ne2 a6 7. Be3 b5 8. Bd3 Bb7
9. O-O Nbd7 10. Nd2 c5 11. Rc1 c4 12. Bb1 e6 13. Bg5 h6 14. Be3 Rc8 15. Qe1 e5
16. Qh4 g5 17. Qh3 Rc7 18. f4 exf4 19. Nxf4 Qe7 20. e5 dxe5 21. dxe5 Nxe5 22.
Rce1 Qd7 23. Bf5 g4 24. Bxd7 gxh3 25. Bxh3 Nd5 26. Nxd5 Bxd5 27. Bxh6 Nd3 28.
Bxg7 Kxg7 29. Re3 Rg8 30. Rf5 Bb7 31. Nf3 Bc8 32. Rg5+ Kf8 33. Rxg8+ Kxg8 34.
Re8+ Kg7 35. Bxc8 Nxb2 36. Bxa6 Nd1 37. Nd4 b4 38. cxb4 Nb2 39. Re2 c3 40. Rc2
Rd7 41. Nf3 Rd1+ 42. Kf2 Ra1 43. b5 Rxa2 44. Ke2 Ra3 45. Ne5 Kf6 46. Nd3 Nc4
47. Nb4 Nb6 48. Kd3 Na4 49. Ra2 Nb2+ 50. Kc2 Nc4 51. Rxa3 Nxa3+ 52. Kxc3 Nxb5+
53. Bxb5 Kg5 54. Kd4 f5 55. Nd3 Kf6 56. Bd7 1-0

[Event "5. Bayer Open"]
[Site "Leverkusen"]
[Date "2008.03.31"]
[Round "6"]
[White "Simon, Martin"]
[Black "von Oppenkowski, Roman"]
[Result "1-0"]
[WhiteElo "1941"]
[BlackElo "1325"]
[PlyCount "33"]
[EventDate "2008.01.14"]
[EventType "swiss"]
[EventRounds "7"]
[EventCountry "GER"]
[Source "Birnkott,Manfre"]
[SourceDate "2008.04.23"]

1. Nf3 d5 2. c4 e6 3. g3 Nf6 4. Bg2 Bd7 5. O-O dxc4 6. Ne5 c6 7. Nxc4 b5 8. Ne5
Bd6 9. Nxd7 Qxd7 10. Nc3 a6 11. d4 Nd5 12. Nxd5 cxd5 13. e4 dxe4 14. Bxe4 Nc6
15. d5 exd5 16. Qxd5 Rc8 17. Bf5 1-0

[Event "5. Bayer Open"]
[Site "Leverkusen"]
[Date "2008.03.31"]
[Round "6"]
[White "Buchfelder, Gerhard"]
[Black "Remmler, Dirk"]
[Result "0-1"]
[WhiteElo "1442"]
[BlackElo "1761"]
[PlyCount "108"]
[EventDate "2008.01.14"]
[EventType "swiss"]
[EventRounds "7"]
[EventCountry "GER"]
[Source "Birnkott,Manfre"]
[SourceDate "2008.04.23"]

1. e4 e6 2. Nf3 d5 3. exd5 exd5 4. d4 c5 5. c3 Nc6 6. Bd3 Bd6 7. O-O Nge7 8.
Bg5 f6 9. Be3 c4 10. Bc2 Bg4 11. Re1 O-O 12. b4 a6 13. Nbd2 Qd7 14. Qb1 Bf5 15.
Nh4 Bxc2 16. Qxc2 Qg4 17. Nhf3 Rfe8 18. Nf1 Ng6 19. h3 Qd7 20. Qd2 Re7 21. Re2
Rae8 22. Rae1 Na7 23. N1h2 Nc8 24. Kh1 Nb6 25. Qc2 Kf7 26. Ng4 h5 27. Ngh2 Na4
28. Ng1 b5 29. Nhf3 Bc7 30. Bd2 Rxe2 31. Rxe2 Rxe2 32. Nxe2 Qe6 33. Qd1 Nb2 34.
Qf1 Nd3 35. Nc1 Nb2 36. Qe2 Na4 37. Qxe6+ Kxe6 38. Ne2 Kf5 39. g3 Nb2 40. Kg2
Nd3 41. Nc1 Nb2 42. Ne1 Nf8 43. Ne2 g5 44. f3 Ng6 45. g4+ hxg4 46. hxg4+ Ke6
47. Kh3 Na4 48. Ng2 Bd6 49. f4 gxf4 50. Ngxf4+ Nxf4+ 51. Nxf4+ Bxf4 52. Bxf4
Nxc3 53. a3 Ne2 54. Be3 c3 0-1

[Event "5. Bayer Open"]
[Site "Leverkusen"]
[Date "2008.03.31"]
[Round "6"]
[White "Erdmann, Kristian"]
[Black "Liebsch, Felix"]
[Result "1-0"]
[WhiteElo "1741"]
[BlackElo "1147"]
[PlyCount "41"]
[EventDate "2008.01.14"]
[EventType "swiss"]
[EventRounds "7"]
[EventCountry "GER"]
[Source "Birnkott,Manfre"]
[SourceDate "2008.04.23"]

1. e4 e5 2. Nf3 Nc6 3. Bc4 h6 4. O-O Nf6 5. Nc3 Bc5 6. d3 O-O 7. Be3 Bxe3 8.
fxe3 d6 9. h3 Na5 10. Bb3 Nxb3 11. axb3 Be6 12. Qe1 c6 13. Nh4 Qd7 14. Nf5 Bxf5
15. Rxf5 Rfe8 16. Qh4 d5 17. Raf1 dxe4 18. Rxf6 gxf6 19. Nxe4 Qe7 20. Qxh6 Rad8
21. Rf3 1-0

[Event "5. Bayer Open"]
[Site "Leverkusen"]
[Date "2008.03.31"]
[Round "6"]
[White "Schmald, Nikolai"]
[Black "Beinert, Katharina"]
[Result "1-0"]
[WhiteElo "1722"]
[BlackElo "1382"]
[PlyCount "73"]
[EventDate "2008.01.14"]
[EventType "swiss"]
[EventRounds "7"]
[EventCountry "GER"]
[Source "Birnkott,Manfre"]
[SourceDate "2008.04.23"]

1. e4 c5 2. d4 cxd4 3. Nf3 d6 4. Nxd4 g6 5. Be3 Bg7 6. Bd3 Nf6 7. h3 O-O 8. Nd2
Nc6 9. c3 a6 10. O-O Ne5 11. Bc2 Qc7 12. f4 Ned7 13. Qe2 b5 14. a4 bxa4 15.
Rxa4 Nc5 16. Ra2 Bb7 17. Bf2 Nh5 18. f5 Nf4 19. Qf3 e5 20. N4b3 Nd7 21. Na5 Bc8
22. Rd1 Nf6 23. Ndc4 Rd8 24. Bb6 Qe7 25. Nc6 Qe8 26. Nxd8 Qb5 27. b3 d5 28. Ra5
Qe8 29. exd5 Bxf5 30. Bxf5 Rxd8 31. Bxd8 Qxd8 32. Bc2 N6h5 33. d6 f5 34. Nxe5
Qg5 35. Ng4 Ng3 36. Re1 fxg4 37. Qa8+ 1-0

[Event "5. Bayer Open"]
[Site "Leverkusen"]
[Date "2008.03.31"]
[Round "6"]
[White "Kayser, Manfred"]
[Black "Witte, Volker"]
[Result "0-1"]
[WhiteElo "1182"]
[BlackElo "1673"]
[PlyCount "88"]
[EventDate "2008.01.14"]
[EventType "swiss"]
[EventRounds "7"]
[EventCountry "GER"]
[Source "Birnkott,Manfre"]
[SourceDate "2008.04.23"]

1. d4 Nf6 2. c4 g6 3. Nc3 Bg7 4. Nf3 d6 5. e3 O-O 6. Be2 Bf5 7. Nh4 Qc8 8. Nxf5
Qxf5 9. Bf3 Nc6 10. e4 Qc8 11. O-O e5 12. Be3 exd4 13. Bxd4 Nxd4 14. Qxd4 Nd7
15. Qd1 Nc5 16. Rb1 Re8 17. Qc2 c6 18. b4 Ne6 19. Bg4 h5 20. Bh3 Qd8 21. Bxe6
Rxe6 22. Rfe1 Qf6 23. Re3 Rae8 24. g3 h4 25. Kg2 Qg5 26. Rbe1 Bd4 27. Rf3 Qh5
28. h3 hxg3 29. fxg3 Bxc3 30. Rxc3 d5 31. cxd5 cxd5 32. Rc8 Qe5 33. Rxe8+ Rxe8
34. Kf3 f5 35. Re2 fxe4+ 36. Kg2 Kg7 37. Qc5 b6 38. Qc2 Re7 39. Qb2 d4 40. a4
Rc7 41. Re3 Rc3 42. Rxc3 dxc3 43. Qc2 Qd4 44. Kf1 Qd3+ 0-1

[Event "5. Bayer Open"]
[Site "Leverkusen"]
[Date "2008.03.31"]
[Round "6"]
[White "Azimi, Reza"]
[Black "van Kempen, Susanne"]
[Result "1-0"]
[WhiteElo "1321"]
[BlackElo "1550"]
[PlyCount "73"]
[EventDate "2008.01.14"]
[EventType "swiss"]
[EventRounds "7"]
[EventCountry "GER"]
[Source "Birnkott,Manfre"]
[SourceDate "2008.04.23"]

1. e4 e5 2. Nf3 Nc6 3. Bc4 Bc5 4. d4 Bxd4 5. Nxd4 Nxd4 6. c3 Nc6 7. Qf3 Qf6 8.
Qg3 h6 9. f4 d6 10. O-O Be6 11. Bb5 Nge7 12. Be3 a6 13. Ba4 b5 14. Bc2 Bc4 15.
Rf2 Qg6 16. Qh3 Qe6 17. Qf3 Rb8 18. b3 Na5 19. bxc4 Qxc4 20. fxe5 dxe5 21. Bd2
c5 22. Na3 Qe6 23. Be3 c4 24. Raf1 O-O 25. Nb1 Nac6 26. Nd2 a5 27. Qg3 Qg6 28.
Qh4 Qe6 29. Qg3 Qg6 30. Qh4 Qe6 31. Rf3 Ng6 32. Qh5 Nh8 33. Rg3 Kh7 34. Bd1 f6
35. Bg4 Qf7 36. Bf5+ Kg8 37. Qxh6 1-0